O púti aj perepúti nápoja
Začiatok výroby dnes už medzinárodne známeho nápoja Vinea v r. 1974 vo Vinárskych závodoch v Pezinku. Spor o ochrannú známku Vinea medzi spoločnosťou Vitis Trade a Víno Nitra vyriešený Najvyšším súdom SR v prospech spoločnosti Vitis Trade. Vinea ocenená cenami za kvalitu. V súčasnosti je výhodným ex...
Guardado en:
| Autor principal: | |
|---|---|
| Formato: | Capítulo de libro |
| Lenguaje: | eslovaco |
| Materias: | |
| Etiquetas: |
Sin Etiquetas, Sea el primero en etiquetar este registro!
|
MARC
| LEADER | 00000naa$a2200000$$$4500 | ||
|---|---|---|---|
| 001 | 0023398 | ||
| 005 | 20230926070648.3 | ||
| 041 | 0 | |a slo | |
| 044 | |a SK | ||
| 245 | 1 | 0 | |a O púti aj perepúti nápoja |c Daniela Královeská |
| 520 | |a Začiatok výroby dnes už medzinárodne známeho nápoja Vinea v r. 1974 vo Vinárskych závodoch v Pezinku. Spor o ochrannú známku Vinea medzi spoločnosťou Vitis Trade a Víno Nitra vyriešený Najvyšším súdom SR v prospech spoločnosti Vitis Trade. Vinea ocenená cenami za kvalitu. V súčasnosti je výhodným exportným produktom do krajín Strednej Európy aj do USA. Vinea - imidžový nápoj mladej generácie. | ||
| 610 | 2 | 0 | |a potravinárstvo |
| 610 | 2 | 0 | |a nápoje nealkoholické |
| 610 | 2 | 0 | |a známky ochranné |
| 610 | 2 | 0 | |a značky kvality |
| 610 | 2 | 0 | |a oceňovanie |
| 610 | 2 | 0 | |a výroba |
| 610 | 2 | 0 | |a vývoz |
| 610 | 2 | 0 | |a Slovensko |
| 610 | 2 | 0 | |a Vinea |
| 100 | 1 | |a Královeská, Daniela | |